000 01130nam a22002057a 4500
999 _c59252
_d59252
003 Ge_BSU
005 20221223161156.0
008 221223s1984ge xxu||||| |||| 00| 0 geo d
041 _ageo
080 _a821.353.1-311.6 გ-19
100 _aგამსახურდია, კონსტანტინე, 1893-1975, ავტორი
_916553
245 _aდიდოსტატის კონსტანტინეს მარჯვენა :
_b რაინდული რომანი /
_cკონსტანტინე გამსახურდია, რედ. ნ.სუხიტაშვილი
264 _aთბილისი :
_bგანათლება,
_c1984.
300 _a381 გვ. :
_bპორტრ., ილ. ;
_c 22 სმ.
440 _aსასკოლო ბიბლიოთეკა
_97624
653 _aდიდოსტატის კონსტანტინეს მარჯვენა :
653 _aრაინდული რომანი
700 _aსუხიტაშვილი, ნ
_eრედაქტორი
_916554
942 _2udc
_cBK